| 000 | 00727nam a22002417a 4500 | ||
|---|---|---|---|
| 005 | 20171010102446.0 | ||
| 010 | _aENG-120773 | ||
| 020 |
_a9789352607457 _c775.00 |
||
| 020 |
_a9352607457 _c775.00 |
||
| 035 | _aEN-104305 | ||
| 037 | _bDBAD/PUB | ||
| 082 |
_a658.15 _211th |
||
| 100 | _aRoss,A.Stephen | ||
| 245 |
_aCorporate finance / _cby Stephen A. Ross...[et.al] |
||
| 260 |
_aNoida _bMcGraw Hill education _c2016 |
||
| 270 |
_aB-4, Sector-63,Dist. Gautam Budh Nagar _bNoida,(UP) _e201301 |
||
| 300 |
_axiii,1088p. _c24cm(pbk) _bill. |
||
| 500 | _aIncludes index | ||
| 700 | _aWesterfield,Randolph W. | ||
| 700 | _aJaffe,Jeffrey | ||
| 700 | _aKakani,Ram Kumar | ||
| 942 |
_2ddc _cEN _h658.15 _mCOR |
||
| 999 |
_c146355 _d146355 |
||